| 000 | 00465nam a2200181 4500 | ||
|---|---|---|---|
| 003 | SEACOMMC | ||
| 005 | 20250501153453.0 | ||
| 008 | 250204b |||||||| |||| 00| 0 eng d | ||
| 020 |
_a81-7381-558-5 _cRs.195.00 |
||
| 040 | _aSEACOMMC | ||
| 082 |
_a510.02462 _bK 18 |
||
| 100 | _aKar B K | ||
| 245 | 1 |
_aEngineering Mathematics Vol-2 / _cB K Kar |
|
| 260 |
_a Kolkota _b New Central Book Agency _c 2008 |
||
| 300 | _aVol.2 | ||
| 650 | _aMathematics | ||
| 942 | _cBOOK | ||
| 999 |
_c1049 _d1049 |
||